Countries Which Use Dollar - Sudden Death - Statistics

General Stats
  • This quiz has been taken 89 times
  • The average score is 5 of 15
Answers on the Grid
Answers color-coded by a green-red scale on the quiz's grid according to % correct below.
Singapore
Panama
Liberia
Trinidad and Tobago
South Africa
Turkey
Australia
Brunei
Jamaica
Bahamas
Sri Lanka
Nicaragua
Namibia
Malta
Guyana
Suriname
Nigeria
New Zealand
Papua New Guinea
Syria
Cyprus
Belize
Iceland
Brazil
Taiwan
Uganda
Haiti
Micronesia
Philippines
Canada
 
Answer Stats
Answer % Correct
Australia
70%
Canada
70%
New Zealand
65%
Singapore
57%
Bahamas
48%
Jamaica
43%
Trinidad and Tobago
43%
Guyana
30%
Liberia
30%
Belize
26%
Micronesia
26%
Taiwan
22%
Suriname
17%
Brunei
0%
Namibia
0%
No matching quizzes found
Score Distribution
Percent of People with Each Score
Percentile by Number Answered
Your Score History
You have not taken this quiz